| 000 | 01223cam a2200253 4500 | ||
|---|---|---|---|
| 001 | J122775 | ||
| 008 | 030624n2003 000 0 eng u | ||
| 035 | _a(Sirsi) u122775 | ||
| 041 | _aeng | ||
| 050 |
_a615.76 _c18 |
||
| 110 |
_aScottish Environment Protection Agency _93523 |
||
| 245 | _aClosure procedures for landfill sites currently operating under waste management licences | ||
| 260 |
_aStirling _bSEPA _c2003 |
||
| 490 | _aInterim SPEA Technical Guidance Note | ||
| 520 | _aAn interim technical guidance note on the closure of Scottish landfill sites described under the Pollution Prevention and Control (Scotland) Regulations 2000 Sched 1. View at www.sepa.org.uk. | ||
| 650 | _aSCOTLAND | ||
| 650 | _aLANDFILL SITES | ||
| 650 | _aPOLLUTION CONTROL | ||
| 650 | _aPOLLUTION PREVENTION AND CONTROL REGULATIONS 2000 | ||
| 650 | _aWASTE MANAGEMENT LICENCES | ||
| 690 | _aENVIRONMENTAL AND LAND CONSULTANCY-WASTE MANAGEMENT | ||
| 856 |
_uhttps://www.sepa.org.uk/waste/waste_regulation/idoc.ashx%3Fdocid%3De98f64ae-56be-4f17-b12b-2c3e395de7f8%26version%3D-1&sa=U&ei=5BPiTsiTHoOP8gOM1rGUBA&ved=0CBIQFjAA&usg=AFQjCNGYIcPN9ulwbCyMHJcVlt1XiK3PTg _zView the guidance (pdf) on the SEPA website. |
||
| 942 | _n0 | ||
| 999 |
_c102926 _d102926 |
||